Statistics for Superman Movies by Rotten Tomatoes Rating

Click here to take the quiz!

General Stats

  • This quiz has been taken 19 times
  • The average score is 6 of 7

Answer Stats

TomatometerMovieAudience Score% Correct
94%Superman86%
100%
55%Man of Steel75%
86%
85%Superman II75%
79%
75%Superman Returns61%
79%
25%Superman III23%
79%
27%Dawn of Justice63%
64%
12%The Quest for Peace15%
64%

Score Distribution

Percentile by Number Answered

Percent of People with Each Score

Your Score History

You have not taken this quiz